000
00411nam a2200133Ia 4500
008
151001s9999||||xx |||||||||||||| ||und||
100
_a
मोडक एस ई
245
_a
गुन्हेगारांना इथे ना थारा
250
_a
1
260
_b
प्रेस्टीज पब्लिकेशन पुणे
260
_c
1978
300
_a
324
365
_b
21
999
_c
965470
_d
965467